Les grades des Sapeurs-Pompiers Volontaires - Statistiques

Statistiques générales
  • Ce quiz a été pris 324 fois
  • Le résultat moyen est 76 sur 180
Statistiques - réponses
Question Tuile Select % Correct
Sapeur de 1e Classe Chef de colonne Non
91%
Sapeur de 1e Classe Sapeur-Chef / Sapeure-Cheffe Non
90%
Sapeur de 1e Classe Chef d'équipe Non
89%
Sapeur de 1e Classe Non
85%
Sapeur de 1e Classe Sgt Non
82%
Sapeur de 1e Classe Non
79%
Sapeur de 1e Classe 1CL Non
73%
Sapeur de 1e Classe Non
71%
Sapeur de 1e Classe Oui
70%
Caporal Non
70%
Caporal CCH Non
70%
Caporal Sapeur-Chef / Sapeure-Cheffe Non
70%
Caporal Non
69%
Caporal Chef de groupe Non
69%
Caporal Non
66%
Caporal Chef d'agrès Non
64%
Sapeur de 1e Classe Non
63%
Caporal Oui
61%
Caporal Non
61%
Caporal Chef Non
61%
Caporal Cpo Non
61%
Caporal Chef Non
57%
Caporal Chef Chef / Cheffe Non
57%
Caporal Chef C/C Non
56%
Sergent Cgl Non
56%
Caporal Chef Non
55%
Sergent Non
55%
Sergent Chef / Cheffe Non
55%
Caporal Chef Chef d'agrès Non
55%
Sergent Chef de site Non
55%
Caporal Chef Mon Caporal / Caporale Non
55%
Caporal Chef Sous-chef d'agrès Non
55%
Caporal Chef Oui
54%
Caporal Chef Non
54%
Sergent Non
54%
Caporal Caporal / Caporale Oui
54%
Sergent Sch Non
54%
Caporal Mon Caporal / Caporale Non
52%
Sergent Oui
51%
Sergent Non
51%
Caporal Chef Caporal-chef / Caporale-cheffe Oui
50%
Sapeur de 1e Classe Sapeur / Sapeure Oui
50%
Sergent Chef Non
49%
Sergent Chef Adc Non
49%
Caporal Chef CplC Non
49%
Sergent Chef Non
48%
Sapeur de 1e Classe Équipier Oui
48%
Sapeur de 1e Classe Oui
47%
Adjudant Non
47%
Sergent Chef Chef d'unité Non
47%
Adjudant Sap Non
47%
Sergent Chef Sergent / Sergente Non
47%
Caporal Oui
46%
Adjudant Non
46%
Adjudant Adc Non
46%
Adjudant Chef Cad Non
46%
Adjudant Chef / Cheffe Non
46%
Adjudant Chef de groupe Non
46%
Sergent Sergent / Sergente Oui
46%
Sergent Chef Sous-chef de groupe Non
46%
Adjudant Chef Non
45%
Caporal Cpl Oui
45%
Sergent Chef d'équipe Non
44%
Lieutenant Lcl Non
44%
Sergent Mon Sergent / Sergente Non
44%
Sergent Sgt Oui
44%
Adjudant Non
43%
Lieutenant Non
43%
Capitaine Cdt Non
43%
Lieutenant Chef / Cheffe Non
43%
Adjudant Chef Expert d'intervention Non
43%
Sergent Non
42%
Adjudant Chef Non
42%
Lieutenant Non
42%
Capitaine Non
42%
Commandant Chef / Cheffe Non
42%
Commandant Cne Non
42%
Colonel Cne Non
42%
Commandant François Non
42%
Colonel Maitre Colonel / Colonelle Non
42%
Capitaine Mon chef / Cheffe Non
42%
Adjudant Chef Non
41%
Capitaine Non
41%
Commandant Non
41%
Colonel Non
41%
Adjudant Chef Adj Non
41%
Colonel Chef / Cheffe Non
41%
Adjudant Chef Chef de colonne Non
41%
Sergent Chef Non
40%
Adjudant Non
40%
Lieutenant Oui
40%
Capitaine Oui
40%
Lieutenant-Colonel Cle Non
40%
Adjudant Chef Mon Chef / Cheffe Non
40%
Sapeur de 1e Classe Sap 1CL Oui
40%
Adjudant Chef Oui
39%
Lieutenant Non
39%
Lieutenant Non
39%
Capitaine Non
39%
Commandant Non
39%
Colonel Non
39%
Adjudant Adj Oui
39%
Lieutenant Chef de Colonne Non
39%
Caporal Chef d'équipe Oui
39%
Lieutenant Chef de site Non
39%
Lieutenant Lt Non
39%
Adjudant Chef Mon Adjudant / Adjudante Non
39%
Commandant Mon Commandant / Commandante Oui
39%
Lieutenant-Colonel Mon Lieutenant / Lieutenante Non
39%
Sergent Chef Oui
38%
Adjudant Oui
38%
Lieutenant-Colonel Non
38%
Colonel Non
38%
Lieutenant-Colonel Ltn Non
38%
Sergent Chef Non
37%
Adjudant Chef Non
37%
Commandant Non
37%
Colonel Oui
37%
Commandant Expert d'intervention Non
37%
Adjudant Chef Mon Adjudant-Chef / Adjudante Cheffe Oui
37%
Capitaine Mon Capitaine / Capitaine Oui
37%
Colonel Mon Colonel / Colonelle Oui
37%
Lieutenant Mon Lieutenant / Lieutenante Oui
37%
Caporal Chef Oui
36%
Commandant Oui
36%
Adjudant Chef de garde Non
36%
Adjudant Mon Adjudant / Adjudante Oui
36%
Commandant Non
35%
Lieutenant-Colonel Non
35%
Capitaine Capitaine Non
35%
Capitaine Chef de site Non
35%
Lieutenant-Colonel Non
34%
Caporal Chef Cch Oui
34%
Lieutenant-Colonel Non
33%
Adjudant Chef Adc Oui
33%
Sergent Chef d'agrès Oui
33%
Caporal Chef Chef d'équipe Oui
33%
Adjudant Adjudant / Adjudante Non
32%
Colonel Expert d'intervention Non
32%
Lieutenant Lieutenant / Lieutenante Non
32%
Lieutenant Ltn Oui
32%
Sergent Chef SgtC Non
32%
Lieutenant-Colonel Oui
31%
Sergent Chef Chef d'agrès Oui
31%
Adjudant Oui
30%
Adjudant Chef Chef d'agrès tout engin Oui
30%
Lieutenant-Colonel Chef de colonne Non
30%
Lieutenant Chef de groupe Oui
30%
Lieutenant-Colonel Expert d'intervention Non
30%
Adjudant Chef d'agrès tout engin Oui
29%
Capitaine Non
28%
Commandant Cmd Non
28%
Lieutenant-Colonel Lcl Oui
28%
Sergent Oui
27%
Capitaine Chef de groupe Non
27%
Sergent Chef Oui
26%
Adjudant Chef Oui
25%
Lieutenant Oui
25%
Sergent Chef Sch Oui
25%
Commandant Oui
24%
Sergent Chef Chef / Cheffe Oui
23%
Commandant Chef de colonne Non
23%
Sapeur de 1e Classe 1er Classe / 1ère Classe Non
22%
Lieutenant-Colonel Chef de site Oui
22%
Colonel Cln Non
22%
Capitaine Cpt Non
22%
Sergent Chef Sergent-Chef / Sergente-Cheffe Non
22%
Capitaine Chef de colonne Oui
21%
Colonel Directeur départemental Non
21%
Lieutenant-Colonel Mon Lieutenant-colonel / Lieutenante-colonelle Non
21%
Commandant Cdt Oui
20%
Commandant Chef de site Oui
20%
Capitaine Oui
19%
Lieutenant-Colonel Oui
17%
Colonel Non
17%
Lieutenant-Colonel Mon Colonel / Colonelle Oui
17%
Colonel Chef de site Oui
16%
Colonel Oui
15%
Colonel Col Oui
14%
Capitaine Cne Oui
13%
Aucun quiz correspondant
Distribution des résultats
% des personnes avec chaque résultat
Percentile par nombre de réponses
Votre historique - résultats
Vous n’avez pas pris ce quiz